[Event "4NCL 2014-15"]
[Site "Hinckley Island ENG"]
[Date "2015.05.03"]
[Round "10.134"]
[White "Roberson, Peter T"]
[Black "Ansell, Simon T"]
[Result "1-0"]
[WhiteTitle "IM"]
[BlackTitle "IM"]
[WhiteElo "2406"]
[BlackElo "2379"]
[WhiteTeam "Grantham Sharks 1"]
[BlackTeam "Blackthorne Russia"]
[WhiteFideId "412384"]
[BlackFideId "402141"]
[EventDate "2014.11.15"]

1. e4 c5 2. Nf3 Nc6 3. c3 Nf6 4. e5 Nd5 5. Bc4 Nb6 6. Bb3 d5 7. exd6 Qxd6 8. Na3
Be6 9. d4 cxd4 10. Nb5 Qd7 11. Bxe6 Qxe6+ 12. Be3 Qd7 13. Nbxd4 Nxd4 14. Bxd4
Qe6+ 15. Be3 Qc4 16. Qb3 Qxb3 17. axb3 Nc8 18. b4 e6 19. Ke2 Bd6 20. Nd4 Rb8 21.
Rhd1 Ke7 22. Nb5 a6 23. Nxd6 Nxd6 24. Bc5 Rhd8 25. b5 axb5 26. Ra5 Rbc8 27. Rxb5
Rc7 28. Bb4 Rdd7 29. Rb6 Rc6 30. Rxd6 Rdxd6 31. Rxb7+ Kf6 32. Bxd6 Rxd6 33. c4 1-0

[Event "4NCL 2014-15"]
[Site "Hinckley Island ENG"]
[Date "2015.05.03"]
[Round "10.135"]
[White "Hunt, Harriet V"]
[Black "Holland, James P"]
[Result "1-0"]
[WhiteTitle "IM"]
[WhiteElo "2438"]
[BlackElo "2252"]
[WhiteTeam "Blackthorne Russia"]
[BlackTeam "Grantham Sharks 1"]
[WhiteFideId "403512"]
[BlackFideId "416835"]
[EventDate "2014.11.15"]

1. e4 e5 2. Nf3 Nc6 3. Bb5 Nf6 4. d3 Bc5 5. O-O d6 6. c3 a6 7. Ba4 b5 8. Bc2 O-O
9. a4 Bg4 10. h3 Bh5 11. Re1 Re8 12. Nbd2 b4 13. Nf1 d5 14. Ng3 Bg6 15. a5 Qd6
16. Nh4 Rad8 17. Qf3 bxc3 18. bxc3 d4 19. Nhf5 Qe6 20. Bd2 dxc3 21. Bxc3 Nd4 22.
Bxd4 Bxd4 23. Ra4 c5 24. Rb1 Rb8 25. Qd1 Rb5 26. Nxd4 cxd4 27. Rxb5 axb5 28. Ra1
Ra8 29. Nf1 Qd6 30. Nd2 Qb4 31. Nb3 Nd7 32. Qd2 Qxd2 33. Nxd2 Nc5 34. Nb3 Na4
35. f4 f6 36. fxe5 fxe5 37. Nd2 Nc5 38. Nf3 Nd7 39. a6 Bf7 40. Ng5 Ra7 41. Ra5
h6 42. Nf3 Kf8 43. Rxb5 Rxa6 44. Nxe5 Nxe5 45. Rxe5 Ra3 46. Rb5 Ra1+ 47. Kh2 Ra2
48. Rb8+ Ke7 49. Rb7+ Ke8 50. Rxf7 Rxc2 51. Rxg7 Rd2 52. Rg3 h5 53. h4 Rd1 54.
Rf3 1-0

[Event "4NCL 2014-15"]
[Site "Hinckley Island ENG"]
[Date "2015.05.03"]
[Round "10.136"]
[White "Batchelor, Peter J"]
[Black "Bates, Richard A"]
[Result "1/2-1/2"]
[BlackTitle "IM"]
[WhiteElo "2312"]
[BlackElo "2349"]
[WhiteTeam "Grantham Sharks 1"]
[BlackTeam "Blackthorne Russia"]
[WhiteFideId "424854"]
[BlackFideId "403555"]
[EventDate "2014.11.15"]

1. d4 Nf6 2. Nf3 g6 3. g3 Bg7 4. Bg2 O-O 5. O-O d6 6. a4 a5 7. Nc3 Nc6 8. e4 e5
9. dxe5 dxe5 10. Be3 Be6 11. Re1 h6 12. h3 Nd7 13. Qe2 Nd4 14. Bxd4 exd4 15. Nb5
Nb6 16. e5 c5 17. Nd2 c4 18. f4 Qd7 19. Nd6 Bxh3 20. N2xc4 Nxc4 21. Qxc4 Be6 22.
Qxd4 Rac8 23. c3 Rc7 24. Nb5 Qxd4+ 25. Nxd4 Bc8 26. Nb5 Re7 27. Be4 h5 28. Rad1
Bg4 29. Rd6 Rc8 30. Rb6 h4 31. Kf2 g5 32. Nd6 Rd8 33. Rxb7 Rxb7 34. Bxb7 hxg3+
35. Kxg3 Be6 36. c4 Kf8 37. c5 gxf4+ 38. Kxf4 Bh6+ 39. Ke4 Ke7 40. c6 Rxd6 41.
exd6+ Kxd6 42. Kd3 Bg7 43. Re2 Kc7 44. Rg2 Be5 45. Ke4 Bf6 46. Rf2 Bg7 47. Kd3
Kb6 48. Kc2 Be5 49. Rd2 Bf5+ 50. Kb3 Be6+ 51. Ka3 Bf6 52. b3 Be7+ 53. Ka2 Bf6
54. Rg2 Be5 55. Rg8 Bc7 56. Bc8 Bd5 57. Bd7 Kc5 58. Rg5 Kd6 59. Rf5 Bd8 60. Be8
f6 61. c7 Bxc7 62. Rxf6+ Ke7 63. Rf5 Be6 64. Rc5 Bd6 65. Rc6 Bd5 66. Ra6 Bb4 67.
Bc6 Be6 68. Be4 Bc8 69. Rh6 Be6 70. Kb2 Bd2 71. Rh1 Bb4 72. Rd1 Kf6 73. Kc2 Ke5
74. Bh7 Bd5 75. Rg1 Kd4 76. Rg4+ Ke5 77. Rh4 Be1 78. Rh2 Bb4 79. Re2+ Kd4 80.
Re8 Bc6 81. Rd8+ Ke3 82. Rd3+ Kf4 83. Rd4+ Ke3 84. Rxb4 axb4 85. Bd3 Kd4 86. a5
Kc5 87. a6 Kb6 88. Bc4 Be4+ 89. Kd2 Bf5 90. Ke3 Bc2 91. Kd4 Bxb3 92. Bxb3 Kxa6 1/2-1/2

[Event "4NCL 2014-15"]
[Site "Hinckley Island ENG"]
[Date "2015.05.03"]
[Round "10.137"]
[White "Webb, Laurence E"]
[Black "Williams, Samuel G"]
[Result "1-0"]
[WhiteTitle "FM"]
[WhiteElo "2264"]
[BlackElo "2263"]
[WhiteTeam "Blackthorne Russia"]
[BlackTeam "Grantham Sharks 1"]
[WhiteFideId "402389"]
[BlackFideId "410977"]
[EventDate "2014.11.15"]

1. e4 d5 2. exd5 Qxd5 3. Nc3 Qd6 4. d4 c6 5. Bc4 Nf6 6. Nge2 Bf5 7. Bf4 Qb4 8.
Bb3 e6 9. O-O Nbd7 10. Bc7 Rc8 11. a3 Qe7 12. Ng3 Rxc7 13. Nxf5 Qd8 14. Re1 g6
15. d5 cxd5 16. Nd4 Bc5 17. Rxe6+ fxe6 18. Nxe6 Qc8 19. Nxd5 Rc6 20. Qe2 Kf7 21.
Nxc5 Re8 22. Nxf6+ Kxf6 23. Qf3+ Ke7 24. Qf7+ Kd8 25. Ne6+ Rcxe6 26. Bxe6 Re7
27. Bxd7 Qxd7 28. Qf8+ Re8 29. Qf6+ Kc8 30. Qc3+ 1-0

[Event "4NCL 2014-15"]
[Site "Hinckley Island ENG"]
[Date "2015.05.03"]
[Round "10.138"]
[White "Foisor, Mihaela-Veronica"]
[Black "Ledger, Stephen C"]
[Result "1-0"]
[WhiteTitle "WIM"]
[WhiteElo "2250"]
[BlackElo "2079"]
[WhiteTeam "Grantham Sharks 1"]
[BlackTeam "Blackthorne Russia"]
[WhiteFideId "2270757"]
[BlackFideId "404470"]
[EventDate "2014.11.15"]

1. d4 Nf6 2. c4 c5 3. d5 b5 4. cxb5 a6 5. bxa6 Bxa6 6. Nc3 g6 7. e4 Bxf1 8. Kxf1
d6 9. Nf3 Bg7 10. g3 O-O 11. Kg2 Nbd7 12. Re1 Ra6 13. h3 Qa8 14. Bf4 Rb8 15. Re2
Nh5 16. Bc1 Ne5 17. Nxe5 Bxe5 18. f4 Bd4 19. Qd3 Rab6 20. Rc2 e6 21. dxe6 fxe6
22. Rb1 Nf6 23. Ne2 Qxe4+ 24. Qxe4 Nxe4 25. Nxd4 cxd4 26. Kf3 d5 27. b3 Ra6 28.
Bd2 Rba8 29. a4 Rb8 30. a5 Nxd2+ 31. Rxd2 Rxa5 32. Rxd4 Rab5 33. b4 Kf7 34. Ke3
h5 35. Kd3 Rc8 36. Ra1 Rc7 37. Ra5 Rcb7 38. Kc3 Ke7 39. Rxb5 Rxb5 40. Rd1 Kd6
41. Ra1 Rb6 42. Ra8 d4+ 43. Kc4 e5 44. fxe5+ Kxe5 45. Re8+ Kf5 46. Rd8 Rc6+ 47.
Kxd4 Rc1 48. Rd5+ Kf6 49. h4 Rd1+ 50. Kc5 Rxd5+ 51. Kxd5 Kf5 52. b5 Kg4 53. b6
Kxg3 54. b7 Kxh4 55. b8=Q 1-0

[Event "4NCL 2014-15"]
[Site "Hinckley Island ENG"]
[Date "2015.05.03"]
[Round "10.141"]
[White "Pert, Nicholas"]
[Black "Zakarian, David"]
[Result "1-0"]
[WhiteTitle "GM"]
[BlackTitle "FM"]
[WhiteElo "2562"]
[BlackElo "2394"]
[WhiteTeam "Guildford 1"]
[BlackTeam "Oxford 1"]
[WhiteFideId "403989"]
[BlackFideId "13301276"]
[EventDate "2014.11.15"]

1. d4 Nf6 2. Nf3 g6 3. g3 Bg7 4. Bg2 O-O 5. O-O a6 6. Bf4 Nh5 7. Bd2 d5 8. Qc1
Nc6 9. Bh6 Bg4 10. Bxg7 Nxg7 11. Nbd2 Re8 12. c4 e6 13. e3 Nf5 14. Ne5 Nxe5 15.
dxe5 Ne7 16. h3 Bf5 17. Qc3 g5 18. Rad1 Bg6 19. cxd5 Nxd5 20. Qb3 Qe7 21. Ne4
Bxe4 22. Bxe4 c6 23. Bb1 Qc7 24. e4 Ne7 25. Rd6 Ng6 26. Rfd1 Nxe5 27. f4 gxf4
28. gxf4 Ng6 29. f5 Nf8 30. Kh1 Kh8 31. Qc3+ f6 32. e5 Qf7 33. Bc2 c5 34. exf6
b5 35. Be4 b4 36. Qg3 Ra7 37. Rg1 Rd7 38. Bc6 Rxd6 39. Bxe8 Qb7+ 40. Rg2 Rd1+
41. Kh2 1-0

[Event "4NCL 2014-15"]
[Site "Hinckley Island ENG"]
[Date "2015.05.03"]
[Round "10.142"]
[White "Tan, Justin2"]
[Black "Smerdon, David"]
[Result "0-1"]
[WhiteTitle "FM"]
[BlackTitle "GM"]
[WhiteElo "2366"]
[BlackElo "2519"]
[WhiteTeam "Oxford 1"]
[BlackTeam "Guildford 2"]
[WhiteFideId "3206882"]
[BlackFideId "3202305"]
[EventDate "2014.11.15"]

1. e4 c5 2. Nf3 g6 3. d4 cxd4 4. Nxd4 Nc6 5. c4 Bg7 6. Be3 Nf6 7. Nc3 d6 8. Be2
O-O 9. O-O Nxd4 10. Bxd4 Bd7 11. Qd3 Bc6 12. f4 a5 13. Kh1 Nd7 14. Bxg7 Kxg7 15.
Bg4 Nc5 16. Qd4+ Kg8 17. f5 Qb6 18. f6 exf6 19. Rxf6 Qxb2 20. Rd1 Rae8 21. Bf3
Re6 22. Rxe6 Nxe6 23. Qf6 Qb4 24. h4 Qxc4 25. Rxd6 Re8 26. Rd1 Nc5 27. h5 Qe6
28. Qh4 Nxe4 29. Nxe4 Bxe4 30. Re1 f5 31. Qg3 Qe5 32. Qg5 Qe7 33. Qf4 g5 34. Qd2
g4 35. Bxe4 fxe4 36. Qxa5 g3 37. Qd5+ Kh8 38. Kg1 Qf6 39. Rf1 Qb6+ 40. Kh1 e3
41. Qf3 Qd6 42. Qe2 Re4 43. Kg1 Qd2 44. h6 Kg8 45. Rf8+ Kxf8 46. Qf3+ Ke7 47.
Qxe4+ Kd6 48. Qf4+ Kc6 49. Qxg3 Qd1+ 50. Kh2 Qh5+ 51. Kg1 Qd1+ 52. Kh2 e2 53.
Qc3+ Kd5 54. Qf3+ Kc5 55. Qc3+ Kb6 56. Qe3+ Ka6 57. Qe6+ Ka7 58. Qe3+ Ka6 59.
Qe6+ Ka5 60. Qe5+ b5 61. Qc7+ Ka4 62. Qa7+ Kb4 63. Qe7+ Kc4 64. Qc7+ Kd4 65.
Qd6+ Kc4 66. Qc7+ Kd4 67. Qd6+ Kc3 68. Qc5+ Kd2 69. Qg5+ Kc2 70. Qc5+ Kb1 71.
Qxb5+ Kc1 72. Qc5+ Qc2 73. Qe3+ Qd2 74. Qc5+ Kd1 75. Qh5 Qf4+ 76. Kh1 Qe3 77.
Qd5+ Ke1 78. Qf5 Qxh6+ 79. Kg1 Qe3+ 80. Kh2 Qh6+ 81. Kg1 Qc1 82. Qd3 Qc5+ 83.
Kh2 Kf1 84. g4 Qf2+ 85. Kh3 Kg1 0-1

[Event "4NCL 2014-15"]
[Site "Hinckley Island ENG"]
[Date "2015.05.03"]
[Round "10.143"]
[White "Zhou, Yang-Fan"]
[Black "Martins, David Pires Tavares"]
[Result "1-0"]
[WhiteTitle "IM"]
[BlackTitle "FM"]
[WhiteElo "2461"]
[BlackElo "2284"]
[WhiteTeam "Guildford 2"]
[BlackTeam "Oxford 1"]
[WhiteFideId "468584"]
[BlackFideId "1909991"]
[EventDate "2014.11.15"]

1. c4 f5 2. g3 Nf6 3. Bg2 g6 4. d4 Bg7 5. Nc3 O-O 6. Nf3 d6 7. O-O c6 8. b4 Qe8
9. Qb3 h6 10. Rb1 g5 11. e3 e5 12. dxe5 dxe5 13. Ba3 g4 14. Nh4 Qf7 15. b5 Re8
16. Rfd1 e4 17. Bd6 Be6 18. bxc6 Nxc6 19. Qxb7 Qxb7 20. Rxb7 Na5 21. Rc7 Rac8
22. c5 Red8 23. Rxc8 Rxc8 24. Nb5 Ne8 25. Nxa7 Ra8 26. Nb5 Nb7 27. Bf1 Rxa2 28.
Nxf5 Ra1 29. Rxa1 Bxa1 30. c6 Na5 31. Ne7+ Kf7 32. Bb4 Bf6 33. c7 Bxe7 34. Bxa5
Bc5 35. Bg2 1-0

[Event "4NCL 2014-15"]
[Site "Hinckley Island ENG"]
[Date "2015.05.03"]
[Round "10.144"]
[White "Harvey, Marcus R"]
[Black "Suarez Real, Alberto"]
[Result "1/2-1/2"]
[WhiteTitle "FM"]
[BlackTitle "IM"]
[WhiteElo "2322"]
[BlackElo "2403"]
[WhiteTeam "Oxford 1"]
[BlackTeam "Guildford 1"]
[WhiteFideId "400092"]
[BlackFideId "2218534"]
[EventDate "2014.11.15"]

1. Nf3 g6 2. c4 Bg7 3. Nc3 c5 4. g3 Nc6 5. Bg2 Nf6 6. O-O O-O 7. d3 a6 8. Be3 d6
9. h3 Be6 10. Qd2 Rb8 11. Bh6 b5 12. Bxg7 Kxg7 13. b3 Qa5 14. Rac1 Bd7 15. Qb2
Kg8 16. Rfd1 Rfc8 17. Nd2 Qd8 18. Nd5 Nxd5 19. cxd5 Nd4 20. Re1 b4 21. g4 Qf8
22. e3 Nb5 23. Nc4 Qg7 24. Qd2 e6 25. d4 cxd4 26. exd4 Qxd4 27. Qxb4 exd5 28.
Rcd1 Qc3 29. Qxc3 Nxc3 30. Nxd6 Rc5 31. Ne4 dxe4 32. Rxd7 Nxa2 33. Rxe4 Rc1+ 34.
Kh2 Nc3 35. Rc4 Ne2 36. Bd5 Rf8 37. Rxc1 Nxc1 38. Bc4 Kh8 39. Rxf7 Rxf7 40. Bxf7
a5 41. Bc4 g5 42. Kg3 Kg7 43. Kf3 Kf6 44. Ke4 Na2 45. Kd4 h6 46. f3 Nb4 47. Kc5
Ke5 48. Kb5 Kd4 49. Kxa5 Kc5 50. Ka4 Nc6 51. Bd3 Nb4 52. Bf5 Nd5 53. Be4 Nc3+
54. Ka3 Ne2 55. b4+ Kb6 56. Bd3 Nd4 57. f4 gxf4 58. h4 Nf3 59. g5 hxg5 60. h5
Ne5 61. h6 Nf7 62. h7 f3 63. Be4 g4 64. Kb3 Kb5 65. Kc3 Nh8 66. Bd5 Ng6 67. Be4
Nh8 68. Bd3+ Ka4 69. b5 Ka5 70. Kd4 g3 71. Ke3 g2 72. Kf2 Kb6 73. Bc4 Ka5 74.
Bd3 Kb6 75. Be4 Kxb5 76. Bxf3 Kc5 77. Kxg2 Kd6 78. Kg3 Ke7 79. Kg4 Kf6 80. Kh5
Kg7 1/2-1/2

[Event "4NCL 2014-15"]
[Site "Hinckley Island ENG"]
[Date "2015.05.03"]
[Round "10.145"]
[White "Sarakauskas, Gediminas"]
[Black "Eckersley-Waites, Tom"]
[Result "1-0"]
[WhiteTitle "IM"]
[WhiteElo "2396"]
[BlackElo "2282"]
[WhiteTeam "Guildford 2"]
[BlackTeam "Oxford 1"]
[WhiteFideId "12800724"]
[BlackFideId "412449"]
[EventDate "2014.11.15"]

1. e4 e5 2. Nf3 Nc6 3. Bc4 Nf6 4. d3 Be7 5. O-O O-O 6. Bb3 d6 7. c3 Na5 8. Bc2
c5 9. Nbd2 Re8 10. h3 Nd7 11. Re1 Nf8 12. Nf1 Ne6 13. Ne3 Kh8 14. d4 cxd4 15.
cxd4 exd4 16. Nxd4 Nxd4 17. Qxd4 Nc6 18. Qd1 Be6 19. Nd5 Bh4 20. Bb3 Rc8 21. Bd2
Nd4 22. Ba4 b5 23. Bc3 Bxd5 24. Qxd4 Bf6 25. Qxd5 bxa4 26. Qxf7 Rxc3 27. bxc3
Bxc3 28. Qxa7 Bxa1 29. Rxa1 Rxe4 30. Rb1 Qf8 31. f3 Rc4 32. Rb8 Rc8 33. Rxc8
Qxc8 34. Qxa4 d5 35. Qb5 Qc1+ 36. Kf2 Qd2+ 37. Qe2 Qd4+ 38. Qe3 Qb2+ 39. Kg3 h6
40. a4 Qa1 41. Qb3 Qe1+ 42. Kf4 Qe6 43. Qc3 Qf7+ 44. Kg3 Qg6+ 45. Kf2 Qb6+ 46.
Qe3 Qb2+ 47. Kg3 Qa1 48. Qb3 Qe1+ 49. Kf4 Qe6 50. Qc3 Qf7+ 51. Ke3 Qe8+ 52. Kf2
Qxa4 53. Qc8+ Kh7 54. Qf5+ Kh8 55. Qxd5 Qa7+ 56. Kg3 Qg1 57. f4 Qe1+ 58. Kf3
Qf1+ 59. Ke3 Qa1 60. Qe5 Qf1 61. Qe8+ Kh7 62. Qe4+ Kh8 63. Qf3 Qc1+ 64. Kf2 Qd2+
65. Kg3 Qb2 66. Qa8+ Kh7 67. Qe4+ Kh8 68. Qe5 Qa2 69. f5 Qc2 70. Kh2 Qf2 71. Qe4
Kg8 72. h4 Qd2 73. Kh3 Qc1 74. g3 Qf1+ 75. Kg4 Qd1+ 76. Qf3 Qd4+ 77. Kh5 Qe5 78.
Qg4 Kh8 79. Qg6 Qe2+ 80. g4 Qb5 81. Qe6 Kh7 82. g5 hxg5 83. hxg5 Qb8 84. Qe2 Kh8
85. Kg6 Qd6+ 86. Qe6 Qd8 87. Qc6 Qd5 88. Qc7 1-0

[Event "4NCL 2014-15"]
[Site "Hinckley Island ENG"]
[Date "2015.05.03"]
[Round "10.146"]
[White "Altschuler, Jason"]
[Black "Milliet, Sophie"]
[Result "0-1"]
[BlackTitle "IM"]
[WhiteElo "2060"]
[BlackElo "2390"]
[WhiteTeam "Oxford 1"]
[BlackTeam "Guildford 2"]
[WhiteFideId "2005050"]
[BlackFideId "623725"]
[EventDate "2014.11.15"]

1. e4 c5 2. Nf3 d6 3. d4 Nf6 4. Nc3 cxd4 5. Nxd4 a6 6. Be2 e5 7. Nb3 Be7 8. Be3
Be6 9. Nd5 Nbd7 10. Qd3 O-O 11. O-O Bxd5 12. exd5 Rc8 13. c4 a5 14. Rac1 b6 15.
f4 a4 16. Nd2 exf4 17. Bxf4 Ne5 18. Qg3 Nfd7 19. Ne4 Kh8 20. Kh1 f5 21. Ng5 Bxg5
22. Bxg5 Qc7 23. Qh3 g6 24. b4 axb3 25. axb3 Nc5 26. Bh6 Rf7 27. Ra1 Ne4 28. Be3
Rcf8 29. Bd4 Kg8 30. Ra6 Nc5 31. Ra3 Ne4 32. Qe3 Nd7 33. Rfa1 Qd8 34. Ra7 Qh4
35. Ra8 Re7 36. Rxf8+ Kxf8 37. Bf1 Kf7 38. Rd1 Ndf6 39. Kg1 f4 40. Qf3 Ng5 41.
Qf2 Qg4 42. Rd3 Nfe4 43. Qa2 Nc5 44. Rc3 f3 45. Bxc5 bxc5 46. Kh1 Qd4 47. Rc1 f2
48. Rc2 Ne4 49. Qb2 Qe3 50. Qc1 Qxc1 51. Rxc1 Nd2 52. Rc2 Re1 53. g3 Rxf1+ 54.
Kg2 Rh1 0-1

[Event "4NCL 2014-15"]
[Site "Hinckley Island ENG"]
[Date "2015.05.03"]
[Round "10.147"]
[White "Wadsworth, Matthew J"]
[Black "Manley, Jon P"]
[Result "1-0"]
[WhiteElo "2064"]
[BlackElo "2180"]
[WhiteTeam "Guildford 2"]
[BlackTeam "Oxford 1"]
[WhiteFideId "415804"]
[BlackFideId "403296"]
[EventDate "2014.11.15"]

1. c4 e5 2. g3 Nc6 3. Bg2 f5 4. Nc3 Nf6 5. d3 Bb4 6. Bd2 O-O 7. Nd5 Bxd2+ 8.
Qxd2 d6 9. e3 Ne7 10. Ne2 c6 11. Nxf6+ Rxf6 12. d4 e4 13. h4 Be6 14. Rc1 Kh8 15.
Nf4 Bf7 16. b3 a5 17. a3 Qg8 18. Bf1 Qb8 19. Qc2 Qg8 20. Be2 Qe8 21. Kf1 Bg8 22.
Kg2 Rf8 23. Qc3 Qd7 24. h5 d5 25. c5 Ra7 26. Ra1 Rfa8 27. Qe1 Qd8 28. Qg1 b5 29.
Qh2 Bf7 30. Qh3 Qd7 31. Rag1 Kg8 32. Kf1 Kf8 33. g4 Be6 34. gxf5 Bxf5 35. Bg4
Bxg4 36. Rxg4 Ng8 37. Qg2 Qf5 38. Rg1 Qf6 39. Nh3 Nh6 40. Rf4 Nf5 41. Qg4 Rf7
42. Ng5 g6 43. Nxh7+ Rxh7 44. hxg6 Rh4 45. Rxf5 Rxg4 46. Rxf6+ Kg7 47. Rxc6 1-0

[Event "4NCL 2014-15"]
[Site "Hinckley Island ENG"]
[Date "2015.05.03"]
[Round "10.148"]
[White "Foster, Chantelle L"]
[Black "Ciuksyte, Dagne"]
[Result "0-1"]
[BlackTitle "IM"]
[WhiteElo "1808"]
[BlackElo "2340"]
[WhiteTeam "Oxford 1"]
[BlackTeam "Guildford 1"]
[WhiteFideId "408476"]
[BlackFideId "12800619"]
[EventDate "2014.11.15"]

1. e4 c5 2. Nf3 e6 3. d4 cxd4 4. Nxd4 a6 5. Nc3 b5 6. Bd3 Qb6 7. Nb3 Qc7 8. Be3
Nf6 9. O-O Bb7 10. a3 Be7 11. Qe2 O-O 12. f4 d6 13. g4 g6 14. Bf2 Nbd7 15. g5
Nh5 16. Qe3 e5 17. fxe5 dxe5 18. Bg3 Nc5 19. Kh1 Ne6 20. Nd5 Bxd5 21. exd5 Nxg3+
22. Qxg3 Nf4 23. Be4 Rad8 24. Rad1 Rd7 25. Rd2 Qd8 26. Rg1 h6 27. gxh6 Kh7 28.
Nc1 f5 29. Bg2 Kxh6 30. Ne2 Bh4 31. Qe3 Bg5 32. Nxf4 Bxf4 33. Qh3+ Kg7 34. Rdd1
Rh8 0-1

[Event "4NCL 2014-15"]
[Site "Hinckley Island ENG"]
[Date "2015.05.03"]
[Round "10.164"]
[White "Zeidler, Sven P."]
[Black "Chevannes, Sabrina L"]
[Result "0-1"]
[WhiteTitle "FM"]
[BlackTitle "WIM"]
[WhiteElo "2225"]
[BlackElo "2173"]
[WhiteTeam "South Wales Dragons"]
[BlackTeam "Cambridge University 1"]
[WhiteFideId "1800604"]
[BlackFideId "411280"]
[EventDate "2014.11.15"]

1. e4 c6 2. Nf3 d5 3. exd5 cxd5 4. Ne5 Nc6 5. d4 Nf6 6. Bb5 Bd7 7. Nc3 e6 8. O-O
Qb6 9. Re1 Be7 10. a4 a6 11. a5 Qd8 12. Bxc6 Bxc6 13. Bg5 O-O 14. f4 Qd6 15. Re3
Nd7 16. Bxe7 Qxe7 17. Nxd7 Qxd7 18. Qh5 Qd8 19. Qe5 Re8 20. Rg3 f6 21. Qh5 Re7
22. Re3 Qd6 23. Rf1 Qb4 24. Qd1 Qxa5 25. f5 e5 26. dxe5 Qc5 27. Qe1 Rxe5 28. Nd1
Rae8 29. Rf3 d4 30. b4 Qb6 31. Rxe5 Rxe5 0-1

[Event "4NCL 2014-15"]
[Site "Hinckley Island ENG"]
[Date "2015.05.03"]
[Round "10.185"]
[White "Sowray, Peter J"]
[Black "Lam, Paul G M"]
[Result "1-0"]
[WhiteTitle "FM"]
[WhiteElo "2308"]
[BlackElo "2123"]
[WhiteTeam "e2e4.org.uk 1"]
[BlackTeam "Warwickshire Select 1"]
[WhiteFideId "400971"]
[BlackFideId "411566"]
[EventDate "2014.11.15"]

1. d4 e6 2. c4 f5 3. Nc3 Nf6 4. e3 Bb4 5. Qc2 b6 6. Bd3 Bb7 7. f3 O-O 8. Ne2 c5
9. a3 Ba5 10. O-O Nc6 11. b3 a6 12. Bb2 cxd4 13. exd4 b5 14. Rad1 Bb6 15. c5 Ba7
16. b4 Ne7 17. a4 Ned5 18. Nxd5 Nxd5 19. Qd2 Bb8 20. axb5 axb5 21. Bxb5 f4 22.
Ra1 Ne3 23. Rf2 Rxa1+ 24. Bxa1 Rf5 25. Nc3 Rh5 26. h3 Qe8 27. Bd3 Bc7 28. Bb2
Bd8 29. Be4 Bc8 30. Re2 Bh4 31. b5 d5 32. cxd6 Bg3 33. b6 Nc4 34. Qd3 Nxb6 35.
Ba3 Qd7 36. Bc5 Na4 37. Qc4 Nxc3 38. Qxc3 Ba6 39. Rb2 Qa4 40. Rb1 Qa2 41. Qb2 1-0

[Event "4NCL 2014-15"]
[Site "Hinckley Island ENG"]
[Date "2015.05.04"]
[Round "11.145"]
[White "Purton, Ben J"]
[Black "Sarakauskas, Gediminas"]
[Result "0-1"]
[BlackTitle "IM"]
[WhiteElo "2142"]
[BlackElo "2396"]
[WhiteTeam "Grantham Sharks 1"]
[BlackTeam "Guildford 2"]
[WhiteFideId "411132"]
[BlackFideId "12800724"]
[EventDate "2014.11.15"]

1. e4 c5 2. Nf3 d6 3. Bb5+ Nd7 4. O-O Nf6 5. Nc3 g6 6. e5 dxe5 7. Nxe5 Bg7 8. d3
O-O 9. Nxd7 Bxd7 10. Qf3 Bxb5 11. Nxb5 Nd5 12. c4 a6 13. Na3 Nb4 14. Qxb7 Rb8
15. Qe4 Nxd3 16. Rd1 Nxf2 0-1

[Event "4NCL 2014-15"]
[Site "Hinckley Island ENG"]
[Date "2015.05.04"]
[Round "11.164"]
[White "Twyble, Michael S"]
[Black "Redmond, John P."]
[Result "1-0"]
[WhiteElo "2261"]
[BlackElo "2249"]
[WhiteTeam "Barbican 4NCL 2"]
[BlackTeam "South Wales Dragons"]
[WhiteFideId "404624"]
[BlackFideId "2500051"]
[EventDate "2014.11.15"]

1. c4 Nf6 2. Nc3 e6 3. d4 Bb4 4. e3 b6 5. Ne2 c5 6. a3 Ba5 7. Rb1 Na6 8. g3 Bb7
9. d5 b5 10. Bg2 bxc4 11. O-O O-O 12. e4 exd5 13. e5 Ng4 14. Bxd5 Bxd5 15. Qxd5
Qe7 16. Qxc4 Qe6 17. Qxe6 dxe6 18. f4 c4 19. h3 Bb6+ 20. Kg2 Ne3+ 21. Bxe3 Bxe3
22. Rfd1 Rfc8 23. Kf3 Bb6 24. Ne4 Rc6 25. Rbc1 Rb8 26. b4 Nc7 27. Rd6 Rxd6 28.
Nxd6 Nd5 29. Rxc4 f6 30. exf6 gxf6 31. Rc8+ Rxc8 32. Nxc8 Kf7 33. Nxb6 Nxb6 34.
Ke4 Nc4 35. a4 Ke7 36. Kd4 Nb2 37. Nc3 e5+ 38. fxe5 fxe5+ 39. Kd5 Kf6 40. b5 Kf5
41. a5 Nd3 42. a6 h5 43. b6 Nb4+ 44. Kd6 1-0

[Event "4NCL 2014-15"]
[Site "Hinckley Island ENG"]
[Date "2015.05.04"]
[Round "11.182"]
[White "Suarez Garcia, Carlos"]
[Black "Thomas, Nicholas"]
[Result "1-0"]
[WhiteTitle "FM"]
[BlackTitle "FM"]
[WhiteElo "2376"]
[BlackElo "2268"]
[WhiteTeam "Hackney 1"]
[BlackTeam "Warwickshire Select 1"]
[WhiteFideId "22230858"]
[BlackFideId "402117"]
[EventDate "2014.11.15"]

1. d4 e6 2. c4 Nf6 3. g3 Bb4+ 4. Nd2 Nc6 5. Nf3 d5 6. Bg2 dxc4 7. O-O Bxd2 8.
Bxd2 O-O 9. Qc2 Nxd4 10. Nxd4 Qxd4 11. Bb4 Re8 12. Rfd1 Qb6 13. Qxc4 Bd7 14. Bc5
Bb5 15. Qc2 Qa6 16. a4 Bxe2 17. Rd2 Bc4 18. Rc1 b5 19. Bxa8 Rxa8 20. Bd4 c6 21.
Bxf6 gxf6 22. Qc3 f5 23. axb5 cxb5 24. Qf6 Qb7 25. Rd8+ Rxd8 26. Qxd8+ Kg7 27.
b3 Be2 28. Rc7 Qa6 29. Qg5+ 1-0